Class structure in the social consciousness

Αποθηκεύτηκε σε:
Λεπτομέρειες βιβλιογραφικής εγγραφής
Κύριος συγγραφέας: Ossowski, Stanislaw
Άλλοι συγγραφείς: Patterson, Sheilla (trlf)
Μορφή: Βιβλίο
Γλώσσα:English
Polish
Δημοσίευση: London : Routledge and Kegan Paul, 1963.
Σειρά:International library of sociology
Θέματα:
Ετικέτες: Προσθήκη ετικέτας
Δεν υπάρχουν, Καταχωρήστε ετικέτα πρώτοι!

MARC

LEADER 00000cam a2200000 i 4500
001 1/67767
008 931111s1963 enk| ||| |||| ||eng||
020 |a 0710005326 
035 |a ΛΕΣΒΟΣb10001956  |l 10001956 
040 |a GR-MyUA  |b gre  |e AACR2 
041 1 |a eng  |h pol 
082 0 |a 335.4 
100 1 |a Ossowski, Stanislaw. 
245 1 0 |a Class structure in the social consciousness /   |c Stanislaw Ossowski ; translated from the polish by Sheilla Patterson.  
260 |a London :   |b Routledge and Kegan Paul,   |c 1963.  
300 |a 202 σ.  
490 1 |a (International library of sociology)  
500 |a Τίτλος πρωτοτύπου: Structura klasowa w spolenznej swiadomosci.  
504 |a Περιέχει ευρετήριο.  
650 0 0 |a Communism. 
650 0 0 |a Social classes. 
650 0 0 |a Class consciousness. 
700 1 |a Patterson, Sheilla,  |e trlf 
830 0 |a International library of sociology 
852 |a INST  |b LESVOS  |e 19931111  |h 335.4 OSS  |p 005100004252  |q 005100004252  |t BK  |y 0 
909 |a Λ  |b 010424